Countries that border that River - Statistics

General Stats
  • This quiz has been taken 46 times
    35 since last reset
  • The average score is 28 of 32
Answer Stats
River Country % Correct
Nile Egypt
100%
Rhine France
100%
Rhine Germany
100%
Nile Sudan
100%
Rhine Austria
97%
Euphrates Iraq
97%
Mekong Laos
97%
Nile South sudan
97%
Rhine Switzerland
97%
Nile Uganda
97%
Mekong Vietnam
97%
Rhine Liechtenstein
94%
Euphrates Syria
94%
Zambezi Zimbabwe
94%
Mekong Cambodia
90%
Yukon Canada
90%
Mekong China
90%
Mekong Myanmar
90%
Nile Rwanda
90%
Mekong Thailand
90%
Yukon United States
90%
Zambezi Zambia
90%
Zambezi Botswana
87%
Rhine Netherlands
87%
Nile Burundi
81%
Zambezi Mozambique
81%
Nile Tanzania
81%
Euphrates Turkey
77%
Zambezi Namibia
74%
Zambezi Angola
71%
Volta Burkina Faso
55%
Volta Ghana
55%
No matching quizzes found
Score Distribution
Percent of People with Each Score
Percentile by Number Answered
Your Score History
You have not taken this quiz since the last reset